La réponse est A - Statistiques

Statistiques générales
  • Ce quiz a été pris 175 fois
  • Le résultat moyen est 14 sur 14
Statistiques - réponses
Hint Réponse % Correct
Première lettre de l'alphabet ? A
100%
Symbole de l'ampère A
100%
Forme conjugué de avoir à la troisième personne du singulier A
100%
Expression la plus célèbre de Denis Brogniart ? A
99%
Sans moi Paris serait pris. Qui suis-je ? A
99%
Vitamine cruciale pour la vision et le système immunitaire A
99%
Lettre utilisé pour nommer la taille d'une feuille de papier A
99%
Première lettre du mot "alphabet" A
99%
Lettre venant juste avant le B A
99%
Lettre sur le logo de Auchan A
99%
Résultat de l'équation : (x−A)(2x+5)=(x−A)(2A+5) A
99%
Lettre correspondante à ce code morse : .- A
99%
Lettre la plus présente dans le mot "abracadabra" A
98%
Lettre sur le disque pour les jeunes conducteurs A
97%
Aucun quiz correspondant
Distribution des résultats
% des personnes avec chaque résultat
Percentile par nombre de réponses
Votre historique - résultats
Vous n’avez pas pris ce quiz